Prejavy komerčnej suburbanizácie vo vybraných odvetviach hospodárstva v zázemí Bratislavy
Hodnotenie rozsahu a intenzity nárastu komerčných aktivít v zázemí mesta Bratislavy prostredníctvom analýzy zmien v počte a charaktere podnikateľských subjektov. Zmeny v sieti obchodných prevádzok a rozvoj nákupných a logistických centier.
Salvato in:
| Autore principale: | |
|---|---|
| Altri autori: | |
| Natura: | Capitolo di libro |
| Lingua: | slovacco |
| Soggetti: | |
| Tags: |
Nessun Tag, puoi essere il primo ad aggiungerne!!
|
MARC
| LEADER | 00000naa a2200000 4500 | ||
|---|---|---|---|
| 001 | 0157295 | ||
| 005 | 20231208072513.7 | ||
| 041 | 0 | |a slo | |
| 044 | |a SK | ||
| 245 | 1 | 0 | |a Prejavy komerčnej suburbanizácie vo vybraných odvetviach hospodárstva v zázemí Bratislavy |c Martin Šveda, František Križan |
| 520 | |a Hodnotenie rozsahu a intenzity nárastu komerčných aktivít v zázemí mesta Bratislavy prostredníctvom analýzy zmien v počte a charaktere podnikateľských subjektov. Zmeny v sieti obchodných prevádzok a rozvoj nákupných a logistických centier. | ||
| 610 | 2 | 0 | |a urbanizácia |
| 610 | 2 | 0 | |a odvetvia priemyselné |
| 610 | 2 | 0 | |a siete obchodné |
| 610 | 2 | 0 | |a centrá logistické |
| 610 | 2 | 0 | |a podnikatelia |
| 100 | 1 | |a Šveda, Martin | |
| 700 | 1 | |a Križan, František | |